000 00675nam a2200205 i 4500
001 124656
003 ES-MaACL
007 t|
008 070416s1935 sp ||||1| spa d
100 1 _aSavi-López, Paolo.
_9104066
245 1 0 _aOrígenes neolatinos /
_cPaolo Savi-López ; traducción de la edición italiana de P.E. Guarnerio por Pilar Sánchez Sarto.
260 _aBarcelona :
_bLabor,
_c[1935]
300 _a382 p. ;
_c17 cm.
490 1 _aColección Labor ;
_v367, 368
700 1 _aSánchez Sarto, Pilar.
_9102932
700 1 _aGuarnerio, P. E.
_960343
830 0 0 _aColección Labor
_v367, 368
_9184254
852 _aES-MaACL
_jE-2844
999 _c124656
_d124656